Влияние настроек автоматического регулятора возбуждения на динамическую устойчивость энергосистемы; Интеллектуальные энергосистемы; Т. 3

Bibliografiske detaljer
Parent link:Интеллектуальные энергосистемы: труды IV Международного молодёжного форума, 10-14 октября 2016 г., г. Томск/ Национальный исследовательский Томский политехнический университет (ТПУ), Энергетический институт (ЭНИН).— , 2016
Т. 3.— 2016.— [С. 33-37]
Institution som forfatter: Национальный исследовательский Томский политехнический университет (ТПУ) Энергетический институт (ЭНИН) Кафедра электроэнергетических систем (ЭЭС)
Andre forfattere: Свечкарев С. В. Сергей Владимирович (научный руководитель), Васильев А. С. Алексей Сергеевич, Рыбакова М. В., Алехин Р. А., Valov B.
Summary:Заглавие с титульного экрана
Sprog:russisk
Udgivet: 2016
Serier:Релейная защита, автоматика, электрооборудование электроэнергетических систем
Fag:
Online adgang:http://earchive.tpu.ru/handle/11683/36211
Format: Electronisk Book Chapter
KOHA link:https://koha.lib.tpu.ru/cgi-bin/koha/opac-detail.pl?biblionumber=621666

MARC

LEADER 00000naa2a2200000 4500
001 621666
005 20240207123322.0
035 |a (RuTPU)RU\TPU\conf\20282 
035 |a RU\TPU\conf\20277 
090 |a 621666 
100 |a 20170113d2016 k y0rusy50 ca 
101 0 |a rus 
102 |a RU 
105 |a y z 101zy 
135 |a drcn ---uucaa 
181 0 |a i  
182 0 |a b 
200 1 |a Влияние настроек автоматического регулятора возбуждения на динамическую устойчивость энергосистемы  |f С. В. Свечкарев [и др.]  |g науч. рук. С. В. Свечкарев 
203 |a Текст  |c электронный 
225 1 |a Релейная защита, автоматика, электрооборудование электроэнергетических систем 
300 |a Заглавие с титульного экрана 
320 |a [Библиогр.: с. 37 (3 назв.)] 
461 1 |0 (RuTPU)RU\TPU\conf\20053  |t Интеллектуальные энергосистемы  |o труды IV Международного молодёжного форума, 10-14 октября 2016 г., г. Томск  |o в 3 т.  |f Национальный исследовательский Томский политехнический университет (ТПУ), Энергетический институт (ЭНИН)  |d 2016 
463 1 |0 (RuTPU)RU\TPU\conf\20056  |t Т. 3  |v [С. 33-37]  |d 2016 
610 1 |a труды учёных ТПУ 
610 1 |a электронный ресурс 
610 1 |a настройки 
610 1 |a автоматические регуляторы 
610 1 |a регуляторы возбуждения 
610 1 |a динамическая устойчивость 
610 1 |a энергосистемы 
610 1 |a динамические процессы 
610 1 |a моделирование 
610 1 |a электроэнергия 
610 1 |a электроэнергетические системы 
701 1 |a Свечкарев  |b С. В.  |c специалист в области электроэнергетики  |c старший научный сотрудник Томского политехнического университета  |f 1965-  |g Сергей Владимирович  |3 (RuTPU)RU\TPU\pers\26726  |9 12384 
701 1 |a Васильев  |b А. С.  |c специалист в области электроэнергетики  |c доцент Томского политехнического университета, кандидат технических наук  |f 1986-  |g Алексей Сергеевич  |3 (RuTPU)RU\TPU\pers\30301  |9 14647 
701 1 |a Рыбакова  |b М. В. 
701 1 |a Алехин  |b Р. А. 
701 1 |a Valov  |b B. 
702 1 |a Свечкарев  |b С. В.  |c специалист в области электроэнергетики  |c старший научный сотрудник Томского политехнического университета  |f 1965-  |g Сергей Владимирович  |4 727 
712 0 2 |a Национальный исследовательский Томский политехнический университет (ТПУ)  |b Энергетический институт (ЭНИН)  |b Кафедра электроэнергетических систем (ЭЭС)  |3 (RuTPU)RU\TPU\col\18675 
801 2 |a RU  |b 63413507  |c 20170124  |g RCR 
856 4 |u http://earchive.tpu.ru/handle/11683/36211 
942 |c BK